| 000 | 01029nas a2200325 4500 | ||
|---|---|---|---|
| 001 | BR2014005607 | ||
| 003 | BR-BrBNA | ||
| 005 | 20231205124447.0 | ||
| 007 | ta | ||
| 008 | 230509b bl.|||p| |||| 00| 00por d | ||
| 040 |
_aBR-BrBNA _bpor _cBiblioteca Nacional de Agricultura |
||
| 041 | _a(Pt) | ||
| 072 | _aL53; M12 | ||
| 100 | 1 | _aWitck, L. | |
| 100 | 1 | _aBombardelli, R.A. | |
| 100 | 1 | _aSanches, E.A. | |
| 100 | 1 | _aOliveira, J.D.S. de | |
| 100 | 1 | _aBaggio, D.M. | |
| 100 | 1 | _aSouza, B.E. de | |
| 245 | 1 | _aMotilidade espermática, fertilização dos ovócitos e eclosão dos ovos de jundiá em água contaminada por cádmio | |
| 650 | _aBAGRE | ||
| 650 | _aPEIXE DE ÁGUA DOCE | ||
| 650 | _aFERTILIDADE ANIMAL | ||
| 650 | _aSÊMEN | ||
| 650 | _aMETAL PESADO | ||
| 773 | 0 |
_tRevista Brasileira de Zootecnia (Brazil) _xISSN 1806-9290 _g(Mar 2011), v. 40(3) p. 477-481 _wBR2014005607 |
|
| 856 | 4 | 0 | _uhttp://www.scielo.br/pdf/rbz/v40n3/03.pdf |
| 909 |
_a202311 _bLúcia _c55 _dLúcia Elande |
||
| 942 |
_2AGRIS _n0 _cANA |
||
| 999 |
_c239207 _d239207 |
||